000 00677nam a22002177a 4500
003 UA-OsUOA
001 90961
007 ta
008 20121121b un ||||| |||| 00| 0 ukr d
100 _aГрабовський С.
090 _a94(477)
_bГ75
942 _cSA
040 _aUA-OsUOA
_bukr
_cUA-OsUOA
_dUA-OsUOA
245 _aУкраїнська "верхівка" Червоної армії, або Сталінські полководці: міфологеми та реальність
300 _aС.11
955 _a0
041 _aukr
080 _a94(477)
773 0 _w90959
650 7 _a9 Географія. Біографії. Історія
_2UDC
999 _c377170
_d377170